000 00866nam a22002057a 4500
999 _c3056
_d3056
003 AR-CdUCM
008 190305b ||||| |||| 00| 0 spa d
040 _aMUNICIPALIDAD PROVINCIAL DEL CUSCO
_cBIBLIOTECA MUNICIPAL DEL CUSCO
082 _a978 /
_bN74
100 _aNuñes Jimenez, Antonio
_910374
245 _aCuba: La Naturaleza y el hombre /
260 _aCuba :
_bLetras Cubanas ,
_c1984.
300 _a702 páginas ;
_c24.5 cm
505 _aContenido : La Bahia de Jagua -- De Playa Girón a la Bahía de Cochinos -- La Mar Blanca -- El Espejismo de la Suspension -- Navegando con el Cosmonauta Shatalov -- Con Rapul en el cabezo del Zambo -- Bautizo en los cayos blancos del sur -- La ensenada de la Broa...
650 _aGeografia Descriptiva
_910375
650 _aCuba
_91821
650 _aMemorias de Cuba
_910376
942 _2ddc
_cLIBROS
945 _artm